000 00910nam a2200241 a 4500
001 000017187
005 20200929165036.0
008 100319s1996 dr a 000 0 spa d
040 _aDO-SdBNP
_bspa
_cBNPHU
082 _a371.26
_bC921p
100 1 _aCrespo, Manuel
_937395
245 1 0 _aPruebas nacionales 1991 al 1996 /
_cManuel Crespo, Luis Domínguez.
260 _aSanto Domingo :
_bSecretaría de Estado de Educación, Bellas Artes y Cultos,
_c1996.
300 _a107 p. :
_bil. ;
_c21 cm.
490 1 _aInvestigación educativa
_v1
500 _aIncluye índice de tablas y notas al pie de páginas
590 _aInventariado,2018/DG
650 4 _aEducación
_zRepública Dominicana
_9737
650 4 _aMediciones y pruebas educativas
_zRepública Dominicana
_937822
700 1 2 _aDomínguez, Luis
_937396
830 0 _aInvestigación educativa
_n1
_937823
910 _aValidado. Control de calidad MFF
999 _c16713
_d16713